000 00949nam a2200205Ia 4500
999 _c38164
_d38164
001 4154
003 GE_BSU
005 20190923163242.0
008 181216s1979||||ge |||||||||||||| ||geo||
040 _cGE_BSU
041 _ageo
080 _a39(479.223) ს–24
245 _aსამხრეთ-დასავლეთ საქართველოს ეთნოლოგიის პრობლემები :
_bკულტურა და ყოფა. N 7 /
_cრედ. ალ. რობაქიძე.
264 _a თბილისი :
_bმეცნიერება,
_c1979.
300 _a120 გვ. ;
_b21 სმ.
653 _aსაქართველოს ეთნოლოგიის პრობლემები
653 _aსაქართველოს კულტურა და ყოფა
700 _aრობაქიძე, ალ.
_eრედაქტორი
_94245
942 _cBK
_2udc